000 00945cam a2200265 4500
001 1735432
005 20050729151859.0
008 700825s1970 pau b 000 0 eng
010 _a 74101429
040 _aDLC
_cDLC
_dDLC
041 1 _aeng
_hger
050 0 0 _aBT703
_b.P3513
100 1 _aPannenberg, Wolfhart,
_d1928-
240 1 0 _aWas ist der Mensch?
_lEnglish
245 1 0 _aWhat is man?
_bContemporary anthropology in theological perspective.
_cTranslated by Duane A. Priebe.
260 _aPhiladelphia,
_bFortress Press
_c[1970]
300 _aix, 149 p.
_c20 cm.
350 _a4.50
500 _aTranslation of Was ist der Mensch?
504 _aIncludes bibliographical references.
650 0 _aTheological anthropology
_xChristianity.
906 _a7
_bcbc
_corignew
_d2
_encip
_f19
_gy-gencatlg
942 _2lcc
_cBK
999 _c35714
_d35714